00645nam a22002177a 4500003000400000005001700004008004100021020001800062082002100080245008300101260003500184300002400219490004100243653002400284653001300308653001300321653001700334653001800351700002700369700003100396OSt20230502174439.0230502b |||||||| |||| 00| 0 eng d a9781588290724 222a660.63bP94P aProtein engineering protocolscedited by Katja M. Arndt and Kristian M. Muller aNew JerseybHumana Pressc2007 axi, 312p.bHardback aMethods in molecular biologyvv. 352 aProtein engineering aCytology aMedicine aBiochemistry aLife sciences aArndt, Katja MeEditor aMuller, Kristian MeEditor